Movies Quiz

Random Movies or Actress Quiz

Bergman or Bacall Quiz Stats

 Plays Quiz not verified by Sporcle

Score 0/20 Timer 04:00
0 Plays Today
Movie Bergman or Bacall % Correct
Casablanca???
70.1%
Joan of Arc???
68.7%
Gaslight ???
68%
The Bells of St. Mary's ???
65.5%
For Whom the Bell Tolls ???
64.7%
How to Marry a Millionaire???
64.7%
Anastasia???
64.7%
The Big Sleep ???
62.9%
Notorious???
61.9%
Key Largo ???
61.9%
Movie Bergman or Bacall % Correct
Spellbound???
61.5%
Sex and the Single Girl???
61.2%
To Have and Have Not ???
60.8%
The Shootist???
56.5%
Dark Passage???
51.1%
The Mirror Has Two Faces???
48.2%
Cactus Flower ???
46.8%
Written on the Wind ???
44.6%
The Yellow Rolls-Royce ???
43.5%
Murder on the Orient Express???
38.8%

You're not logged in!

Compare scores with friends on all Sporcle quizzes.
OR
Log In

Show Comments

Extras

Top Quizzes Today


Score Distribution

Your Account Isn't Verified!

In order to create a playlist on Sporcle, you need to verify the email address you used during registration. Go to your Sporcle Settings to finish the process.

Report this User

Report this user for behavior that violates our Community Guidelines.

Details: